Aprendizaje reflexivo en la educación superior (Registro nro. 17935)

Detalles MARC
000 -LEADER
campo de control de longitud fija 00971nmc a2200337 a 4500
003 - IDENTIFICADOR DE NÚMERO DE CONTROL
campo de control AR-BaBNM
005 - FECHA Y HORA DE LA ÚLTIMA TRANSACCIÓN
campo de control 20251128211025.0
008 - DATOS DE LONGITUD FIJA--INFORMACIÓN GENERAL
campo de control de longitud fija 112020s2002 ||||||||||||||000 | spa||
020 ## - NÚMERO INTERNACIONAL ESTÁNDAR DEL LIBRO
Número Internacional Estándar del Libro 84-7112-452-1
040 ## - FUENTE DE CATALOGACIÓN
Centro/agencia transcriptor AR-BaBNM
100 1# - ENTRADA PRINCIPAL--NOMBRE DE PERSONA
Nombre de persona Brockbank, Anne
245 10 - MENCIÓN DEL TÍTULO
Título Aprendizaje reflexivo en la educación superior
260 ## - PUBLICACIÓN, DISTRIBUCIÓN, ETC.
Lugar de publicación, distribución, etc. Madrid
Nombre del editor, distribuidor, etc. Ediciones Morata
Fecha de publicación, distribución, etc. 2002
300 0# - DESCRIPCIÓN FÍSICA
Extensión 311 p.
490 #0 - MENCIÓN DE SERIE
Mención de serie Pedagogía. Manuales
500 0# - NOTA GENERAL
Nota general Traducción de Pablo Manzano
500 0# - NOTA GENERAL
Nota general Contiene índice de autores y materias
504 ## - NOTA DE BIBLIOGRAFÍA, ETC.
Nota de bibliografía, etc. Nota Contiene referencias bibliográficas p. 294-302
650 #4 - PUNTO DE ACCESO ADICIONAL DE MATERIA--TÉRMINO DE MATERIA
Término de materia o nombre geográfico como elemento de entrada TEORIAS DEL APRENDIZAJE
650 #4 - PUNTO DE ACCESO ADICIONAL DE MATERIA--TÉRMINO DE MATERIA
Término de materia o nombre geográfico como elemento de entrada DIALOGO
650 #4 - PUNTO DE ACCESO ADICIONAL DE MATERIA--TÉRMINO DE MATERIA
Término de materia o nombre geográfico como elemento de entrada ROL DEL DOCENTE
650 #4 - PUNTO DE ACCESO ADICIONAL DE MATERIA--TÉRMINO DE MATERIA
Término de materia o nombre geográfico como elemento de entrada APRENDIZAJE ACTIVO
650 #4 - PUNTO DE ACCESO ADICIONAL DE MATERIA--TÉRMINO DE MATERIA
Término de materia o nombre geográfico como elemento de entrada UNIVERSIDADES
650 #4 - PUNTO DE ACCESO ADICIONAL DE MATERIA--TÉRMINO DE MATERIA
Término de materia o nombre geográfico como elemento de entrada CONSEJEROS PEDAGOGICOS
653 #0 - TÉRMINO DE INDIZACIÓN--NO CONTROLADO
Término no controlado EDUCACION SUPERIOR
653 #0 - TÉRMINO DE INDIZACIÓN--NO CONTROLADO
Término no controlado REFLEXION SOBRE LA PRACTICA
700 1# - ENTRADA AGREGADA--NOMBRE PERSONAL
Nombre de persona McGill, Ian
700 1# - ENTRADA AGREGADA--NOMBRE PERSONAL
Nombre de persona Manzano, Pablo
Término indicativo de función/relación traductor
942 ## - ELEMENTOS DE ENTRADA SECUNDARIOS (KOHA)
Tipo de ítem Koha Libros
998 ## - INFORMACIÓN DE CONTROL LOCAL (RLIN)
Iniciales del catalogador, CIN (RLIN) raquel
Existencias
Estatus retirado Estado de pérdida Fuente de la clasificación o esquema de estantería Estado de daño No para préstamo Biblioteca de origen Biblioteca actual Fecha de adquisición Total de préstamos Signatura topográfica completa Código de barras Visto por última vez Precio de reemplazo Tipo de ítem Koha Fuente de adquisición Restricciones de uso Ubicación en estantería
    Clasificación Decimal Dewey     Liberty Liberty 28/11/2025   378 BROC 129705 28/11/2025 28/11/2025 Libros      
    Clasificación Decimal Dewey     Liberty Liberty 28/11/2025   378 BROC 137301 28/11/2025 28/11/2025 Libros C-BP-001    
    Clasificación Decimal Dewey     Liberty Liberty 28/11/2025   378 BROC 137302 28/11/2025 28/11/2025 Libros C-BP-001    
    Clasificación Decimal Dewey   No para préstamo Liberty Liberty 28/11/2025   378 BROC 141985 28/11/2025 28/11/2025 Libros C-BP-007 Acceso restringido  
    Clasificación Decimal Dewey   No para préstamo Liberty Liberty 28/11/2025   378 BROC 141993 28/11/2025 28/11/2025 Libros C-BP-007 Acceso restringido